| 000 | 00922nmc a2200325 a 4500 | ||
|---|---|---|---|
| 003 | AR-BaBNM | ||
| 005 | 20251128211756.0 | ||
| 008 | 056020s2003 ||||||||||||||000 | spa|| | ||
| 020 | _a950-557-562-9 | ||
| 040 | _cAR-BaBNM | ||
| 100 | 1 | _aPetrucci, Armando | |
| 245 | 1 | 0 |
_aLa ciencia de la escritura _bprimera lección de paleografía |
| 250 | _a1ª ed. | ||
| 260 |
_aMéxico _bFondo de Cultura Económica _c2003 |
||
| 300 | 0 | _a155 p. | |
| 490 | 0 | _aSección Obras de lengua y estudios literarios | |
| 650 | 4 | _aPALEOGRAFIA | |
| 650 | 4 | _aESCRITURA MANUSCRITA | |
| 650 | 4 | _aESCRITURAS ANTIGUAS | |
| 650 | 4 | _aESCRITURAS IDEOGRAFICAS | |
| 650 | 4 | _aESCRITURAS PICTOGRAFICAS | |
| 650 | 4 | _aFILOSOFIA POLITICA | |
| 650 | 4 | _aMEMORIA | |
| 650 | 4 | _aBIBLIOTECAS | |
| 650 | 4 | _aLENGUAJE ESCRITO | |
| 650 | 4 | _aHISTORIA DE LA ESCRITURA | |
| 653 | 0 | _aFILOSOFIA DEL LENGUAJE | |
| 942 | _cBK | ||
| 998 | _cme-solo cat | ||
| 999 |
_c21052 _d21052 |
||